[Event "Tunja Boyacense op"]
[Site "Tunja"]
[Date "2018.12.13"]
[Round "1"]
[White "Cardozo Meza, Ferney Adan"]
[Black "Millan Castano, Hector Salvador"]
[Result "1-0"]
[WhiteElo "1848"]
[BlackElo "1578"]
[PlyCount "63"]
[EventDate "2018.12.13"]
[EventType "swiss"]
[EventRounds "7"]
[EventCountry "COL"]
[SourceTitle "CBM 187 Extra"]
[Source "ChessBase"]
[SourceDate "2018.11.04"]
[SourceVersion "1"]
[SourceVersionDate "2018.11.04"]
[SourceQuality "1"]

1. e4 c5 2. Nf3 Nc6 3. d4 cxd4 4. Nxd4 e5 5. Nb5 d6 6. N1c3 a6 7. Na3 b5 8. Nd5 Bb7 9. c3 Nf6 10. Bg5 h6 11. Be3 Nxd5 12. exd5 Ne7 13. c4 Qa5+ 14. Bd2 Qb6 15. Bd3 Rc8 16. 0-0 g6 17. Be3 Qc7 18. cxb5 Nxd5 19. Rc1 Qb8 20. bxa6 Nxe3 21. Qa4+ Ke7 22. Rxc8 Bxc8 23. a7 Qa8 24. fxe3 Bb7 25. Nc4 Bg7 26. Nb6 Qd8 27. Bc4 f5 28. Nd5+ Kf8 29. Qb5 Qa8 30. Nc7 Qc8 31. Bd5 Qxc7 32. Qxb7 1-0

[Event "COL-chT"]
[Site "Ibague"]
[Date "2018.10.12"]
[Round "3.4"]
[White "Cardozo Meza, Ferney Adan"]
[Black "Arguelles Ochoa, Julio Cesar"]
[Result "1-0"]
[WhiteElo "1891"]
[BlackElo "1447"]
[PlyCount "97"]
[EventDate "2018.10.11"]
[EventType "team-swiss"]
[EventRounds "6"]
[EventCountry "COL"]
[SourceTitle "CBM 186 Extra"]
[Source "ChessBase"]
[SourceDate "2018.08.24"]
[SourceVersion "1"]
[SourceVersionDate "2018.08.24"]
[SourceQuality "1"]
[WhiteTeam "Boyaca II"]
[BlackTeam "Tolima Masivo"]
[WhiteTeamCountry "COL"]
[BlackTeamCountry "COL"]

1. e4 c5 2. Nf3 d6 3. d4 cxd4 4. Nxd4 Nf6 5. Nc3 a6 6. Bc4 e6 7. 0-0 Be7 8. Bb3 0-0 9. Qf3 Qc7 10. Qg3 Re8 11. Bh6 Bf8 12. Bg5 Nbd7 13. Rad1 b5 14. a3 Bb7 15. Rfe1 Nh5 16. Qh3 g6 17. Nxe6 fxe6 18. Bxe6+ Rxe6 19. Qxe6+ Kh8 20. Be3 Nc5 21. Bd4+ Ng7 22. Qf6 Kg8 23. Nd5 Qf7 24. Qh4 Nd7 25. f4 Re8 26. c3 Bxd5 27. exd5 Rxe1+ 28. Qxe1 Nf5 29. Bf2 Nf6 30. Qe6 Qxe6 31. dxe6 Be7 32. a4 Ng7 33. axb5 axb5 34. Re1 Nd5 35. g3 Nc7 36. g4 Kf8 37. Bd4 Ncxe6 38. Be3 Bd8 39. Ra1 Ke7 40. Ra7+ Ke8 41. Rb7 h5 42. h3 hxg4 43. hxg4 Nc7 44. Kg2 Kd7 45. Kf3 Kc6 46. Ra7 Bf6 47. Ra1 d5 48. Rh1 Nce6 49. Rh6 1-0

[Event "COL-chT"]
[Site "Ibague"]
[Date "2018.10.11"]
[Round "2.4"]
[White "Prasca Sosa, Rafael Felipe"]
[Black "Cardozo Meza, Ferney Adan"]
[Result "1-0"]
[WhiteElo "2404"]
[BlackElo "1891"]
[PlyCount "47"]
[EventDate "2018.10.11"]
[EventType "team-swiss"]
[EventRounds "6"]
[EventCountry "COL"]
[SourceTitle "CBM 186 Extra"]
[Source "ChessBase"]
[SourceDate "2018.08.24"]
[SourceVersion "1"]
[SourceVersionDate "2018.08.24"]
[SourceQuality "1"]
[WhiteTeam "Risaralda"]
[BlackTeam "Boyaca II"]
[WhiteTeamCountry "COL"]
[BlackTeamCountry "COL"]

1. e4 e5 2. Nf3 Nf6 3. Nc3 Nc6 4. Bb5 Nd4 5. Bc4 Nxf3+ 6. Qxf3 Be7 7. d3 c6 8. h3 0-0 9. Bd2 b5 10. Bb3 a5 11. a4 b4 12. Ne2 d5 13. Ng3 Be6 14. Rd1 Ne8 15. 0-0 d4 16. Nf5 Bg5 17. Qg3 Bxd2 18. Rxd2 Bxf5 19. exf5 Qf6 20. Re2 Qxf5 21. Rxe5 Qf6 22. Rfe1 g6 23. R1e4 Ng7 24. Rxd4 1-0

[Event "COL-ch sf 2nd"]
[Site "Tunja"]
[Date "2018.04.20"]
[Round "7"]
[White "Cardozo Meza, Ferney Adan"]
[Black "Otalora Pacheco, Carlos Eduardo"]
[Result "0-1"]
[WhiteElo "1909"]
[BlackElo "2141"]
[PlyCount "90"]
[EventDate "2018.04.17"]
[EventType "swiss"]
[EventRounds "10"]
[EventCountry "COL"]
[SourceTitle "CBM 184 Extra"]
[Source "ChessBase"]
[SourceDate "2018.06.28"]
[SourceVersion "1"]
[SourceVersionDate "2018.06.28"]
[SourceQuality "1"]

1. e4 e5 2. Nf3 Nc6 3. Bc4 Bc5 4. 0-0 d6 5. c3 Nf6 6. b4 Bb6 7. a4 a6 8. d3 0-0 9. Bb2 Be6 10. Nbd2 Ba7 11. b5 Ne7 12. Bxe6 fxe6 13. d4 exd4 14. cxd4 Ng6 15. Ng5 Qd7 16. f4 h6 17. f5 exf5 18. exf5 Ne7 19. Ne6 Rf7 20. Qb3 Re8 21. Rac1 Nxf5 22. Nxc7 Bxd4+ 23. Bxd4 Nxd4 24. Qc4 Ne2+ 25. Kh1 d5 26. Qc5 Rc8 27. b6 Nxc1 28. Rxc1 Ne8 29. Nf3 Re7 30. Qd4 Nxc7 31. bxc7 Qe6 32. Qf4 Qe3 33. Qxe3 Rxe3 34. h3 Re7 35. Rd1 Rd7 36. Ne5 Rdxc7 37. Rd4 Rd8 38. h4 Re7 39. Ng6 Re4 40. Rd3 h5 41. a5 Kh7 42. Rg3 d4 43. Rg5 d3 44. Ne5 Rxe5 45. Rxe5 d2 0-1

[Event "COL-ch sf 2nd"]
[Site "Tunja"]
[Date "2018.04.19"]
[Round "4"]
[White "Soto, Miguel Angel"]
[Black "Cardozo Meza, Ferney Adan"]
[Result "1-0"]
[WhiteElo "2131"]
[BlackElo "1909"]
[PlyCount "161"]
[EventDate "2018.04.17"]
[EventType "swiss"]
[EventRounds "10"]
[EventCountry "COL"]
[SourceTitle "CBM 184 Extra"]
[Source "ChessBase"]
[SourceDate "2018.06.28"]
[SourceVersion "1"]
[SourceVersionDate "2018.06.28"]
[SourceQuality "1"]

1. d4 d5 2. c4 e6 3. Nc3 Nf6 4. cxd5 exd5 5. Bg5 Be7 6. e3 0-0 7. Bd3 Nbd7 8. Nge2 Re8 9. 0-0 Nf8 10. Ng3 h6 11. Bxf6 Bxf6 12. Qf3 c6 13. b4 Nh7 14. Bxh7+ Kxh7 15. b5 g6 16. bxc6 bxc6 17. Na4 h5 18. Qd1 h4 19. Ne2 h3 20. Ng3 hxg2 21. Re1 Bh4 22. Qf3 Kg7 23. Rec1 Bxg3 24. Qxg3 Qf6 25. Rc3 Re4 26. Nc5 Rh4 27. Nd3 Rh3 28. Qe5 Bd7 29. Qxf6+ Kxf6 30. Ne5 Be6 31. Kxg2 Rah8 32. Rh1 R3h5 33. Rxc6 Kg7 34. Ra6 Bh3+ 35. Kf3 Rf5+ 36. Ke2 Rb8 37. Nd3 Bg2 38. Rc1 Bf3+ 39. Kd2 Rb7 40. Rac6 Be4 41. Rc7 Rb6 42. Rxa7 Bxd3 43. Kxd3 Rxf2 44. Rc2 Rf1 45. Ra5 Rd1+ 46. Ke2 Rh1 47. Rxd5 Rxh2+ 48. Kd3 Rh1 49. Rd2 Ra6 50. Rc5 Rh3 51. Rc3 f5 52. Rf2 Re6 53. Kd2 Rb6 54. Re2 Kf6 55. a4 Ra6 56. Ra3 f4 57. a5 g5 58. Rf2 f3 59. e4 g4 60. Ke3 Kg5 61. Ra1 Rh8 62. Rc2 Rf8 63. Rc5+ Kh4 64. Rh1+ Kg3 65. Rg1+ Kh2 66. Rxg4 Rh6 67. Rc2+ Kh3 68. Rg1 Rhf6 69. Rf2 Rf4 70. a6 Rg4 71. Rh1+ Kg3 72. a7 Rxe4+ 73. Kxe4 Kxf2 74. Ra1 Re8+ 75. Kd5 Rd8+ 76. Kc6 Ke3 77. d5 f2 78. d6 Kd2 79. d7 Rg8 80. Kc7 Ra8 81. d8Q+ 1-0

[Event "Tunja Liga Boyaca"]
[Site "Tunja"]
[Date "2017.12.15"]
[Round "2.7"]
[White "Cardozo Meza, Ferney Adan"]
[Black "Gonzalez Lopez, Nicolas Mateo"]
[Result "1/2-1/2"]
[WhiteElo "1898"]
[BlackElo "2142"]
[PlyCount "47"]
[EventDate "2017.12.14"]
[EventType "swiss"]
[EventRounds "7"]
[EventCountry "COL"]
[SourceTitle "EXT 2024"]
[Source "ChessBase"]
[SourceDate "2023.10.10"]
[SourceVersion "1"]
[SourceVersionDate "2023.10.10"]
[SourceQuality "1"]

1. e4 c6 2. d4 d5 3. exd5 cxd5 4. Nf3 Nc6 5. Bd3 Bg4 6. c3 e6 7. Bf4 Bd6 8. Bxd6 Qxd6 9. 0-0 Nf6 10. Nbd2 0-0 11. h3 Bh5 12. Re1 a6 13. Qb1 Bg6 14. Bxg6 hxg6 15. Ne5 b5 16. Qd3 Na5 17. h4 Nc4 18. Rab1 Qc7 19. Ndf3 Ne4 20. Ng5 Nxg5 21. hxg5 Nxe5 22. dxe5 Qa5 23. a3 Qd8 24. f4 1/2-1/2

[Event "Verano op 2nd"]
[Site "Verano"]
[Date "2009.11.01"]
[Round "5.7"]
[White "Hoyos Campuzano, Efrain"]
[Black "Cardozo Meza, Ferney Adan"]
[Result "1-0"]
[WhiteElo "1951"]
[BlackElo "1600"]
[PlyCount "21"]
[EventDate "2009.10.31"]
[EventType "swiss (rapid)"]
[EventRounds "6"]
[EventCountry "COL"]
[SourceTitle "EXT 2024"]
[Source "ChessBase"]
[SourceDate "2023.10.10"]
[SourceVersion "1"]
[SourceVersionDate "2023.10.10"]
[SourceQuality "1"]

1. e4 e5 2. Nf3 Nf6 3. Bc4 Nxe4 4. Qe2 d5 5. Bb3 Be7 6. Nxe5 0-0 7. d3 Nc5 8. 0-0 Nxb3 9. axb3 Re8 10. d4 Bf6 11. Qf3 1-0

[Event "Verano op 2nd"]
[Site "Verano"]
[Date "2009.10.31"]
[Round "1.3"]
[White "Cardona, Juan Camilo"]
[Black "Cardozo Meza, Ferney Adan"]
[Result "1-0"]
[WhiteElo "1978"]
[BlackElo "1600"]
[PlyCount "71"]
[EventDate "2009.10.31"]
[EventType "swiss (rapid)"]
[EventRounds "6"]
[EventCountry "COL"]
[SourceTitle "EXT 2024"]
[Source "ChessBase"]
[SourceDate "2023.10.10"]
[SourceVersion "1"]
[SourceVersionDate "2023.10.10"]
[SourceQuality "1"]

1. e4 e5 2. Nf3 Nf6 3. Nxe5 d6 4. Nc4 Nxe4 5. Nc3 Nxc3 6. bxc3 Nc6 7. d4 d5 8. Ne3 Be7 9. Bd3 0-0 10. 0-0 Be6 11. Re1 f5 12. Rb1 Rb8 13. h3 Qd7 14. Bb2 f4 15. Nf1 f3 16. Ng3 fxg2 17. Qh5 h6 18. Qg6 Rf6 19. Qh7+ Kf7 20. Nh5 Rg8 21. Nxf6 Bxf6 22. Qg6+ Kf8 23. Ba3+ Ne7 24. Bxe7+ Qxe7 25. Bf5 Bf7 26. Qg4 Qd8 27. Rxb7 g5 28. Qg3 Qd6 29. Qxd6+ cxd6 30. Rxa7 h5 31. Rb1 g4 32. hxg4 hxg4 33. Rbb7 Rg7 34. Ra8+ Be8 35. Rxg7 Bxg7 36. Bg6 1-0